<?xml version="1.0" encoding="UTF-8"?>
<record
    xmlns:xsi="http://www.w3.org/2001/XMLSchema-instance"
    xsi:schemaLocation="http://www.loc.gov/MARC21/slim http://www.loc.gov/standards/marcxml/schema/MARC21slim.xsd"
    xmlns="http://www.loc.gov/MARC21/slim">

  <leader>00419nam a22001457a 4500</leader>
  <controlfield tag="005">20180726132556.0</controlfield>
  <datafield tag="020" ind1=" " ind2=" ">
    <subfield code="a">817648461X</subfield>
    <subfield code="c">00.00</subfield>
  </datafield>
  <datafield tag="035" ind1=" " ind2=" ">
    <subfield code="a">B-91410, B-091409</subfield>
  </datafield>
  <datafield tag="037" ind1=" " ind2=" ">
    <subfield code="a">DPL</subfield>
    <subfield code="b">ENG</subfield>
  </datafield>
  <datafield tag="100" ind1=" " ind2=" ">
    <subfield code="a">Chitkara, M.G.</subfield>
  </datafield>
  <datafield tag="245" ind1=" " ind2=" ">
    <subfield code="a">Hindutva parivar /</subfield>
    <subfield code="c">by M.G. Chitkara</subfield>
  </datafield>
  <datafield tag="260" ind1=" " ind2=" ">
    <subfield code="a">New Delhi</subfield>
    <subfield code="b">A P H Publishing Corporation</subfield>
    <subfield code="c">2003</subfield>
  </datafield>
  <datafield tag="300" ind1=" " ind2=" ">
    <subfield code="a">xi, 259p.</subfield>
    <subfield code="c">20 cms.</subfield>
  </datafield>
  <datafield tag="942" ind1=" " ind2=" ">
    <subfield code="2">ddc</subfield>
    <subfield code="c">EN</subfield>
    <subfield code="h">305.89143</subfield>
    <subfield code="m">CHI</subfield>
  </datafield>
  <datafield tag="999" ind1=" " ind2=" ">
    <subfield code="c">65419</subfield>
    <subfield code="d">65419</subfield>
  </datafield>
  <datafield tag="952" ind1=" " ind2=" ">
    <subfield code="0">0</subfield>
    <subfield code="1">0</subfield>
    <subfield code="4">0</subfield>
    <subfield code="7">0</subfield>
    <subfield code="8">NFIC</subfield>
    <subfield code="a">ZLS</subfield>
    <subfield code="b">ZLS</subfield>
    <subfield code="d">2012-04-21</subfield>
    <subfield code="g">0.00</subfield>
    <subfield code="l">0</subfield>
    <subfield code="o">305.89143 CHI</subfield>
    <subfield code="p">B-91410</subfield>
    <subfield code="r">2012-04-21 00:00:00</subfield>
    <subfield code="v">0.00</subfield>
    <subfield code="w">2012-04-21</subfield>
    <subfield code="y">EN</subfield>
  </datafield>
  <datafield tag="952" ind1=" " ind2=" ">
    <subfield code="0">0</subfield>
    <subfield code="1">0</subfield>
    <subfield code="4">0</subfield>
    <subfield code="7">0</subfield>
    <subfield code="8">NFIC</subfield>
    <subfield code="a">BL1</subfield>
    <subfield code="b">BL1</subfield>
    <subfield code="d">2018-07-26</subfield>
    <subfield code="e">BPPD/PUB</subfield>
    <subfield code="g">495.00</subfield>
    <subfield code="l">0</subfield>
    <subfield code="o">305.89143 CHI</subfield>
    <subfield code="p">B-091409</subfield>
    <subfield code="r">2018-07-26 00:00:00</subfield>
    <subfield code="v">495.00</subfield>
    <subfield code="w">2018-07-26</subfield>
    <subfield code="y">EN</subfield>
  </datafield>
</record>
